| 000 | 00620nam a22002297i 4500 | ||
|---|---|---|---|
| 003 | URS | ||
| 005 | 20220117120311.0 | ||
| 008 | 180515b xxu||||| |||| 00| 0 eng d | ||
| 020 | _a9710800868 | ||
| 040 |
_erda _cURS _beng |
||
| 050 |
_aHB171.5 _b.S53 1983 |
||
| 100 | _aSicat, Gerardo P. | ||
| 245 |
_aEconomics / _cGerardo P. Sicat. -- |
||
| 264 | 1 |
_aMandaluyong : _bNational Book Store, _c1983. |
|
| 300 |
_a892 pages : _c24 cm |
||
| 336 |
_atext _btxt _2rdacontent |
||
| 337 |
_aunmediated _bn _2rdamedia |
||
| 338 |
_avolume _bnc _2rdacarrier |
||
| 500 | _aInclude index. | ||
| 650 | _aEconomics. | ||
| 942 |
_2lcc _cF |
||
| 999 |
_c4396 _d4396 |
||